[Event "IRQ-ch"]
[Site "Baghdad"]
[Date "2018.06.30"]
[Round "5"]
[White "Esam, Naama Lafta"]
[Black "Kadhim, Najeeb"]
[Result "1-0"]
[WhiteElo "1972"]
[BlackElo "2062"]
[PlyCount "81"]
[EventDate "2018.06.27"]
[EventType "swiss"]
[EventRounds "11"]
[EventCountry "IRQ"]
[SourceTitle "EXT 2019"]
[Source "ChessBase"]
[SourceDate "2018.10.10"]
[SourceVersion "1"]
[SourceVersionDate "2018.10.10"]
[SourceQuality "1"]

1. Nc3 d5 2. d4 Nf6 3. Bg5 Nbd7 4. e3 h6 5. Bh4 c6 6. Nf3 g5 7. Bg3 Nb6 8. h4 g4 9. Ne5 h5 10. Bd3 Bh6 11. Qe2 Be6 12. a4 a5 13. 0-0 Nc8 14. e4 0-0 15. exd5 cxd5 16. Ng6 Re8 17. Nb5 Nd6 18. Nxe7+ Rxe7 19. Bxd6 Re8 20. Bg3 Bd7 21. Qd1 Ne4 22. Bxe4 Bxb5 23. Bh7+ Kxh7 24. axb5 Qf6 25. Qd3+ Qg6 26. Qxg6+ Kxg6 27. Rfe1 Bd2 28. Red1 Re2 29. Kf1 Rae8 30. Be5 f6 31. Kxe2 Bh6 32. Rxa5 fxe5 33. Kf1 e4 34. b6 Rd8 35. Rc5 Rd6 36. b3 Bg7 37. c3 Bf6 38. g3 Bd8 39. c4 dxc4 40. bxc4 Bxb6 41. Rg5+ 1-0

[Event "IRQ Clubs-chT"]
[Site "Baghdad"]
[Date "2017.08.16"]
[Round "2.2"]
[White "Mohammed, Zozek Salah Mohamme"]
[Black "Esam, Naama Lafta"]
[Result "1-0"]
[WhiteElo "2261"]
[BlackElo "1936"]
[PlyCount "69"]
[EventDate "2017.08.16"]
[EventType "team-swiss"]
[EventRounds "7"]
[EventCountry "IRQ"]
[SourceTitle "CBM 180 Extra"]
[Source "ChessBase"]
[SourceDate "2017.10.06"]
[SourceVersion "1"]
[SourceVersionDate "2017.10.06"]
[SourceQuality "1"]
[WhiteTeam "Peshmarga"]
[BlackTeam "Engineers"]
[WhiteTeamCountry "IRQ"]
[BlackTeamCountry "IRQ"]

1. d4 f5 2. Nc3 Nf6 3. Bg5 e6 4. f3 Be7 5. e4 Nxe4 6. Bxe7 Nxc3 7. Bxd8 Nxd1 8. Bxc7 Nxb2 9. Bd6 Na4 10. c4 Nc6 11. Ne2 Kf7 12. Kd2 Re8 13. Kc2 a5 14. Kb3 Nb6 15. Bc7 Ra6 16. a4 d5 17. c5 Nc4 18. Kc3 e5 19. dxe5 N6xe5 20. Nd4 Rg6 21. Nb5 Rc6 22. f4 Ng4 23. Bxc4 Re3+ 24. Bd3 Nf2 25. Rhd1 Nxd1+ 26. Rxd1 Bd7 27. Kd4 Re7 28. Bxa5 Rg6 29. g3 h5 30. Nd6+ Kg8 31. Nxf5 Bxf5 32. Bxf5 Ra6 33. Bc3 Rxa4+ 34. Kxd5 Ra8 35. Be5 1-0

[Event "IRQ-ch final first Stage"]
[Site "Baghdad"]
[Date "2013.10.10"]
[Round "2"]
[White "Esam, Naama Lafta"]
[Black "Mohammed Ali, Madial Kinani"]
[Result "1-0"]
[WhiteElo "1997"]
[BlackElo "2122"]
[PlyCount "67"]
[EventDate "2013.10.09"]
[EventType "swiss"]
[EventRounds "9"]
[EventCountry "IRQ"]
[SourceTitle "EXT 2018"]
[Source "ChessBase"]
[SourceDate "2017.10.13"]
[SourceVersion "1"]
[SourceVersionDate "2017.10.13"]
[SourceQuality "1"]

1. f4 d5 2. Nf3 Bf5 3. d3 e6 4. e3 h6 5. Be2 Nf6 6. 0-0 c5 7. Ne5 Nc6 8. Nxc6 bxc6 9. Nd2 Bd6 10. Nf3 Qc7 11. Qe1 g5 12. Qc3 Ke7 13. Ne5 d4 14. exd4 Nd5 15. Qc4 gxf4 16. Bxf4 Rab8 17. Bd2 Nb6 18. Qb3 cxd4 19. Rxf5 Bxe5 20. Rxe5 Qxe5 21. Qa3+ Qd6 22. Bb4 Rhd8 23. Qxa7+ Nd7 24. Bxd6+ Kxd6 25. Qxd4+ Ke7 26. Qh4+ f6 27. b4 Rh8 28. Bf3 Ne5 29. Rf1 Rhg8 30. Be4 Rxb4 31. Qxf6+ Kd6 32. c4 c5 33. Bf5 Re8 34. Re1 1-0